[Event "Open"]
[Site "Novy Bor CZE"]
[Date "2010.02.16"]
[Round "5"]
[White "Plischki,S"]
[Black "Cakl,Z"]
[Result "1-0"]
[WhiteElo "2364"]
[BlackElo "2116"]

1.d4 Nf6 2.c4 e6 3.Nf3 b6 4.a3 Bb7 5.Nc3 d5 6.Bg5 Be7 7.Qa4+ Qd7 8.Qb3 dxc4
9.Qxc4 O-O 10.Rd1 Nd5 11.Bd2 Rc8 12.Qd3 Qe8 13.Nxd5 exd5 14.g3 c5 15.Bh3 Rd8
16.O-O Bf6 17.Rfe1 Nc6 18.Bc3 c4 19.Qc2 Bc8 20.Bg2 Ne7 21.Ne5 Bf5 22.e4 Bxe5
23.dxe5 dxe4 24.Bxe4 Bxe4 25.Qxe4 Qc6 26.Rd6 Qxe4 27.Rxe4 b5 28.Red4 Re8
29.Rd7 Ng6 30.R4d5 a6 31.f4 Nf8 32.Rc7 Ne6 33.Rb7 g6 34.Kf2 Reb8 35.Rxb8+ Rxb8
36.Kf3 Rc8 37.Bb4 h5 38.h3 Kg7 39.Rd6 Nc5 40.g4 hxg4+ 41.hxg4 Nd3 42.Bc3 a5
43.b4 axb4 44.axb4 Kf8 45.f5 gxf5 46.gxf5 Ra8 47.Ke4 Ra3 48.Bd2 Nf2+ 49.Kd5 c3
50.Bh6+ Kg8 51.Rc6 Nd3 52.Rc8+ Kh7 53.Bf8 Rb3 54.Be7 Nxb4+ 55.Ke4 Nc2 56.Bf6 Rb4+
57.Kd3 Ne1+ 58.Ke2 Re4+ 59.Kf1 Rf4+ 60.Kxe1 Rxf5 61.Rxc3 Rf4 62.Rc7 Kg6 63.Kd2 Rb4
64.Kc2  1-0

[Event "TCh-Eur Seniors"]
[Site "Dresden GER"]
[Date "2010.02.17"]
[Round "8"]
[White "Stepak,Y"]
[Black "Pushkov,N"]
[Result "0-1"]
[WhiteElo "2236"]
[BlackElo "2468"]

1.d4 Nf6 2.c4 e6 3.Nf3 b6 4.a3 Bb7 5.Nc3 d5 6.cxd5 exd5 7.Bf4 Bd6 8.Bxd6 Qxd6
9.e3 O-O 10.Bd3 c5 11.O-O Nbd7 12.Rc1 c4 13.Bb1 Bc6 14.Nd2 b5 15.e4 dxe4
16.Ndxe4 Nxe4 17.Bxe4 Nf6 18.Bxc6 Qxc6 19.Qd2 Rfd8 20.Rfd1 Rd7 21.d5 Qb7
22.d6 Rad8 23.Qf4 Qc6 24.Rd4 Ne8 25.Rcd1 Rxd6 26.Nxb5 Qxb5 27.Rxd6 Nxd6 28.Rxd6 Re8
29.g3 Qxb2 30.Qxc4 Qxa3 31.Qd5 g6 32.Rd7 Re7 33.Rd8+ Kg7 34.Qa8 Re1+ 35.Kg2 Qe7
36.Rg8+ Kh6 37.Kh3 Re5 38.Kg2 Re2 39.Qb8 Qe4+ 40.Kh3 Rxf2 41.Qf8+ Kh5 42.Qc5+ Rf5
43.Qg1 Qg4+ 44.Kg2 Qf3+ 45.Kh3 Rf4  0-1

[Event "TCh-Eur Seniors"]
[Site "Dresden GER"]
[Date "2010.02.18"]
[Round "9"]
[White "Niebuhr,G"]
[Black "Palmo,P"]
[Result "1/2-1/2"]
[WhiteElo "2079"]
[BlackElo "2080"]

1.d4 Nf6 2.c4 e6 3.Nf3 b6 4.a3 Be7 5.Nc3 d5 6.e3 O-O 7.Bd3 c5 8.O-O Bb7 9.cxd5 Nxd5
10.e4 Nf6 11.dxc5 bxc5 12.Qe2 Nc6 13.e5 Nd7 14.Rd1 g6 15.Be4  1/2-1/2

[Event "NordWest-Cup"]
[Site "Bad Zwischenahn GER"]
[Date "2010.02.21"]
[Round "7"]
[White "Meins,G"]
[Black "Meyner,H"]
[Result "1-0"]
[WhiteElo "2477"]
[BlackElo "2098"]

1.d4 Nf6 2.c4 e6 3.Nf3 b6 4.a3 Bb7 5.Nc3 d5 6.cxd5 Nxd5 7.Qc2 Be7 8.e4 Nxc3
9.bxc3 O-O 10.Bd3 c5 11.O-O Qc8 12.Bb2 Ba6 13.Rfd1 Bxd3 14.Qxd3 Qa6 15.c4 cxd4
16.Nxd4 Bf6 17.e5 Bxe5 18.Nxe6 fxe6 19.Bxe5 Nc6 20.Bxg7 Kxg7 21.Qd7+ Rf7
22.Qxc6 Rc8 23.Qxe6 Qxc4 24.Qe5+ Kg8 25.Qg5+ Kh8 26.Rac1 Rd7 27.Re1 Re7 28.Rf1  1-0

[Event "IFPX Categoria A"]
[Site "Sao Paulo BRA"]
[Date "2010.02.21"]
[Round "4"]
[White "Jukemura,R"]
[Black "Tsuboi,E"]
[Result "1/2-1/2"]
[WhiteElo "2048"]
[BlackElo "2413"]

1.d4 Nf6 2.c4 e6 3.Nf3 b6 4.a3 Bb7 5.Nc3 d5 6.cxd5 Nxd5 7.e3 Nxc3 8.bxc3 Be7
9.Bb5+ c6 10.Bd3 O-O 11.O-O c5 12.e4 Qc7 13.Qe2 Nd7 14.Re1 Rad8 15.d5 e5
16.a4 Nf6 17.Bd2 Ne8 18.Ba6 f6 19.a5 Nd6 20.Bxb7 Qxb7 21.c4 Rb8 22.Reb1 Qc7
23.Qd3 bxa5 24.Bxa5 Rxb1+ 25.Qxb1 Qd7 26.Nd2 Qg4 27.Bc7 Qe2 28.Bxd6 Bxd6
29.Ra2 Rb8 30.Qf1 Qxf1+ 31.Kxf1 Rb7 32.Ra6 Bc7 33.Ke2 Bb6 34.Nb1 Kf7 35.Nc3 Ke7
36.Na4 Kd7 37.Nxb6+ axb6 38.Kd3 b5 39.cxb5 Rxb5 40.Kc4 Rb2 41.Kxc5 Rc2+ 42.Kb4 Rxf2
43.Ra7+ Kd6 44.Ra6+ Kd7 45.Ra7+ Kd6 46.Ra6+ Kc7 47.Ra7+ Kb6 48.Rxg7 Rf4 49.d6 Rxe4+
50.Kc3 Rd4 51.d7 Kc7 52.Rxh7 Rxd7 53.Rxd7+ Kxd7 54.g4 Ke6 55.Kd3 f5 56.gxf5+ Kxf5  1/2-1/2

[Event "ch-IND National Teams"]
[Site "Gurgaon IND"]
[Date "2010.02.22"]
[Round "3"]
[White "Thejkumar,M"]
[Black "Sengupta,P"]
[Result "1-0"]
[WhiteElo "2435"]
[BlackElo "2077"]

1.d4 e6 2.c4 Nf6 3.Nf3 b6 4.a3 Bb7 5.Nc3 Be7 6.d5 O-O 7.g3 d6 8.Bg2 a5 9.O-O e5
10.Rb1 Na6 11.b4 axb4 12.axb4 Ne8 13.e4 Bc8 14.Ne1 f5 15.Nd3 Nf6 16.f4 fxe4
17.Nxe4 Bf5 18.Re1 Nxe4 19.Bxe4 Bxe4 20.Rxe4 Bf6 21.fxe5 dxe5 22.Bb2 Qd6
23.Bxe5 Bxe5 24.Rxe5 Rae8 25.Qe2 Rxe5 26.Qxe5 Qg6 27.Qe6+ Qxe6 28.dxe6 Rd8
29.e7 Re8 30.Ra1 Nb8 31.Ra8 Kf7 32.Ne5+ Kxe7 33.Rxb8  1-0

[Event "18th Fajr Open"]
[Site "Mashhad IRI"]
[Date "2010.02.24"]
[Round "8"]
[White "Sheibani,S"]
[Black "Nassaj,A"]
[Result "1-0"]
[WhiteElo "2063"]
[BlackElo "1946"]

1.d4 Nf6 2.c4 e6 3.Nf3 b6 4.a3 Bb7 5.Nc3 Ne4 6.Qc2 Nxc3 7.Qxc3 Be7 8.Bf4 O-O
9.e3 f5 10.h4 d6 11.c5 bxc5 12.dxc5 Bf6 13.Qb4 Bd5 14.cxd6 cxd6 15.Bc4 Nc6
16.Qa4 Bxb2 17.Bxd5 exd5 18.Rd1 Bc3+ 19.Kf1 Ne7 20.Qa6 Rf6 21.Bg5 Re6 22.Bxe7 Rxe7
23.Qc6 Be5 24.Qxd5+ Kh8 25.Nxe5 Rxe5 26.Qxd6 Qxd6 27.Rxd6 Ra5 28.Rd3 Kg8
29.Ke2 Rb8 30.Rc1 Rb7 31.Kf3 Ra4 32.g3 Kf7 33.Rc5 g6 34.Rc6 Re7 35.h5 Rb7
36.hxg6+ hxg6 37.Rcd6 Rg4 38.Ra6 Kg7 39.a4 Kh6 40.a5 Kh5 41.Rd8 Rb2 42.Rg8 Ra2
43.Rxa7 Rc4 44.a6 Rcc2 45.Rh8+ Kg5 46.Rh2 Rc6 47.Ra8 Raxa6 48.Rxa6 Rxa6 49.Rh8 Ra2
50.Rh4 Rb2 51.Rd4 Ra2 52.g4 Rb2 53.Kg3 fxg4 54.Rxg4+ Kf5 55.Ra4 Rb5 56.f3 g5
57.Ra6 Rc5 58.e4+ Ke5 59.Kg4 Kd4 60.Rg6 Ke3 61.Rxg5 Rc1 62.Rf5 Rg1+ 63.Kh5 Rg8
64.e5 Kd4 65.f4 Kd5 66.Rf6 Rd8 67.e6 Kd6 68.f5 Ke7 69.Rf7+ Ke8 70.Ra7 Rd1
71.Kg6 Rc1 72.Kf6  1-0

[Event "Reykjavik Open"]
[Site "Reykjavik ISL"]
[Date "2010.02.24"]
[Round "1"]
[White "Thorsteinsson,T"]
[Black "Andrason,P"]
[Result "1-0"]
[WhiteElo "2278"]
[BlackElo "1587"]

1.d4 Nf6 2.c4 e6 3.Nf3 b6 4.a3 Bb7 5.Nc3 d5 6.Bg5 Be7 7.Bxf6 Bxf6 8.cxd5 exd5
9.Qb3 O-O 10.Rd1 c6 11.e3 Re8 12.Be2 Nd7 13.O-O a5 14.Rfe1 b5 15.Bd3 Nb6
16.e4 a4 17.Qc2 h6 18.e5 Be7 19.e6 fxe6 20.Bh7+ Kh8 21.Ne5 Rf8 22.Ng6+ Kxh7
23.Nxe7+  1-0

[Event "Gotth' Art Cup GM"]
[Site "Szentgotthard HUN"]
[Date "2010.03.01"]
[Round "7"]
[White "Rapport,R"]
[Black "Bokros,A"]
[Result "1-0"]
[WhiteElo "2444"]
[BlackElo "2479"]

1.d4 Nf6 2.c4 e6 3.Nf3 b6 4.a3 Bb7 5.Nc3 d5 6.cxd5 exd5 7.Qa4+ c6 8.Bg5 Be7
9.e3 O-O 10.Be2 Nbd7 11.O-O Ne4 12.Bf4 Bd6 13.Bxd6 Nxd6 14.Ne5 b5 15.Qb4 Nxe5
16.dxe5 Nc4 17.Bxc4 a5 18.Qc5 bxc4 19.e4 Re8 20.f4 Qe7 21.Qf2 Rad8 22.Rad1 f6
23.exf6 Qxf6 24.Qb6 Ba8 25.e5 Qe7 26.Qxa5 c5 27.Na4 Bc6 28.Nb6 Rf8 29.a4 d4
30.Nxc4 Ra8 31.Qd2 Bxa4 32.Rc1 Bb5 33.b3 Bxc4 34.Rxc4 Rab8 35.Rfc1 Rb5 36.g3 Rd8
37.Qd3 Qe6 38.Rxd4 cxd4 39.Qxb5 d3 40.Qc4 Kf7 41.Rd1 g5 42.fxg5 Qxc4 43.bxc4 Ke6
44.Kf2 Kxe5 45.Ke3 Rd4 46.Rxd3 Rxc4 47.Rd7 Kf5 48.Rxh7 Kxg5 49.Kf3 Rc3+ 50.Kg2 Rc2+
51.Kh3 Ra2 52.Rb7 Ra5 53.Rb3 Rc5 54.g4 Ra5 55.Kg3 Ra6 56.Rb5+ Kg6 57.Kh4  1-0

[Event "Reykjavik Open"]
[Site "Reykjavik ISL"]
[Date "2010.03.03"]
[Round "9"]
[White "Bjornsson,Si"]
[Black "Omarsson,D"]
[Result "0-1"]
[WhiteElo "2317"]
[BlackElo "2131"]

1.d4 Nf6 2.c4 e6 3.Nf3 b6 4.a3 Bb7 5.Nc3 d5 6.Bg5 Be7 7.Qc2 Nbd7 8.e3 h6
9.Bh4 O-O 10.Rd1 c5 11.dxc5 bxc5 12.cxd5 exd5 13.Be2 Re8 14.O-O Qb6 15.Rd2 Rac8
16.Rfd1 Bc6 17.h3 Rcd8 18.Bxf6 Nxf6 19.Ne5 Bb7 20.Bf3 Qe6 21.Nd3 Qf5 22.Qa4 Ba8
23.Qxa7 d4 24.e4 Qg5 25.Nd5 Nxd5 26.exd5 Bxd5 27.Bxd5 Qxd5 28.b4 Ra8 29.Qb6 Reb8
30.Nf4 Qe5 31.Nd3 Qd5 32.Nf4 Qe4 33.Qc7 Rb7 34.Re2 Qxe2 35.Qxb7 Qxd1+ 36.Kh2 Re8
37.Qd7 Kf8  0-1

[Event "Bunratty Masters"]
[Site "Bunratty IRL"]
[Date "2010.03.20"]
[Round "4"]
[White "Moynihan,K"]
[Black "Griffiths,R"]
[Result "1/2-1/2"]
[WhiteElo "2140"]
[BlackElo "2195"]

1.d4 Nf6 2.c4 e6 3.Nf3 b6 4.a3 Ba6 5.Qc2 Bb7 6.Nc3 c5 7.e4 cxd4 8.Nxd4 Bc5
9.Nb3 Nc6 10.Be2 Nd4 11.Nxd4 Bxd4 12.Bd3 O-O 13.Ne2 Bc5 14.b4 Bd6 15.h3 Be5
16.Rb1 d5 17.exd5 exd5 18.c5 Rc8 19.Bf5 Rc6 20.f4 Bb8 21.Nd4 Rc7 22.O-O bxc5
23.bxc5 Ne4 24.c6 Bxc6 25.Nxc6 Qd6 26.Qb3 Rxc6 27.Bxe4 dxe4 28.Rd1 Rb6 29.Rxd6 Rxb3
30.Rxb3 Bxd6 31.Be3 h6 32.f5 Rc8 33.Bxa7 Ra8 34.Bd4 Bxa3 35.Rg3 Bf8 36.Bxg7 Bxg7
37.f6  1/2-1/2

[Event "TCh-FIN 2009-10"]
[Site "Finland FIN"]
[Date "2010.03.20"]
[Round "8"]
[White "Parkkinen,J"]
[Black "Salo,Ta"]
[Result "1/2-1/2"]
[WhiteElo "2210"]
[BlackElo "2302"]

1.Nf3 Nf6 2.d4 e6 3.c4 b6 4.a3 c5 5.Nc3 cxd4 6.Nxd4 Bb7 7.Qc2 Bc5 8.Nb3 Be7
9.e4 d6 10.Bf4 a6 11.O-O-O Qc7 12.Bd3 Nbd7 13.Qe2 Ne5 14.f3 O-O 15.Kb1 Rfc8
16.Bxe5 dxe5 17.c5 Bxc5 18.Nxc5 Qxc5 19.Rc1 Qa5 20.Rhd1 b5 21.Qe1 Rd8 22.Bc2 Rxd1
23.Rxd1 Rd8 24.Ne2 Qxe1 25.Rxe1 Kf8 26.b4 Ke7 27.Kb2 Nd7 28.Rd1 Rc8 29.a4 bxa4
30.Bxa4 Nb6 31.Bb3 f5 32.Nc3 g5 33.Rd2 h5 34.Re2 f4 35.Rd2 g4 36.h3 Nc4+
37.Bxc4 Rxc4 38.hxg4 hxg4 39.Kb3 Rd4 40.Ra2 Kf6 41.b5 gxf3 42.gxf3 axb5 43.Nxb5 Rd3+
44.Kc4 Rxf3 45.Nd6 Bc6 46.Ra6 Rf1 47.Rxc6 Rc1+ 48.Kb5 Rxc6 49.Kxc6 f3 50.Nc4 f2
51.Ne3 Kg5 52.Kd6 Kf4 53.Nf1 Kxe4 54.Kxe6 Kf4 55.Kd5 e4 56.Kd4 Kf3 57.Ne3 Ke2
58.Kxe4  1/2-1/2

[Event "Venka & Antonia Ivanova Mem"]
[Site "Sofia BUL"]
[Date "2010.04.25"]
[Round "7"]
[White "Raeva,E"]
[Black "Andreev,Sa"]
[Result "1-0"]
[WhiteElo "2238"]
[BlackElo "2187"]

1.d4 e6 2.c4 Nf6 3.Nf3 b6 4.a3 c5 5.Bg5 cxd4 6.Nxd4 Be7 7.Nc3 O-O 8.e3 Bb7
9.Bd3 d6 10.O-O Nbd7 11.Be2 a6 12.Rc1 Rc8 13.f4 Rc7 14.Bf3 Bxf3 15.Qxf3 Qc8
16.Nce2 Nc5 17.Ng3 Qb7 18.b4 Qxf3 19.gxf3 Nb7 20.b5 axb5 21.cxb5 Nc5 22.Nc6 h6
23.Nxe7+ Rxe7 24.Bxf6 gxf6 25.Rfd1 d5 26.e4 d4 27.Nh5 Ra8 28.Nxf6+ Kh8 29.e5 Rxa3
30.Rxd4 Kg7 31.Kh1 Kg6 32.Rg1+ Kf5 33.Ng8  1-0

[Event "ch-CZE"]
[Site "Ostrava CZE"]
[Date "2010.05.03"]
[Round "3"]
[White "Kozak,Mi"]
[Black "Michenka,J"]
[Result "1/2-1/2"]
[WhiteElo "2184"]
[BlackElo "2390"]

1.d4 Nf6 2.c4 e6 3.Nf3 b6 4.a3 Bb7 5.Nc3 d5 6.cxd5 Nxd5 7.Qc2 Nxc3 8.Qxc3 Bd6
9.Bg5 f6 10.Bh4 O-O 11.Rd1 Qe8 12.Bg3 Qh5 13.Bxd6 cxd6 14.g3 Nc6 15.Bg2 Qa5
16.b4 Qb5 17.Qe3 Rfe8 18.O-O a5 19.bxa5 Nxa5 20.Rb1 Qa6 21.Nd2 Bxg2 22.Kxg2 b5
23.Rb4 Nc6 24.Rb3 Qa4 25.Rd3 d5 26.Rc1 Na5 27.Rc7 Nc4 28.Qf4 Ra7 29.Rxa7 Qxa7
30.Qf3 Ra8 31.Nb1 Qd7 32.e4 Nb6 33.Rb3 Ra4 34.exd5  1/2-1/2

[Event "ch-UKR"]
[Site "Alushta UKR"]
[Date "2010.05.04"]
[Round "2"]
[White "Vdovichenko,V"]
[Black "Pavlov,Ma"]
[Result "1/2-1/2"]
[WhiteElo "2220"]
[BlackElo "2383"]

1.d4 Nf6 2.c4 e6 3.Nf3 b6 4.a3 Bb7 5.Nc3 d5 6.cxd5 Nxd5 7.Qc2 Be7 8.Bd2 O-O
9.e4 Nxc3 10.Bxc3 c5 11.dxc5 Bxc5 12.Rd1 Qc7 13.b4 Bd6 14.Qb2 e5 15.Bd3 Nd7
16.O-O Rad8 17.Nd2 Rfe8 18.Nc4 Bf8 19.Ne3 a6 20.Bb1 b5 21.Nd5 Bxd5 22.Rxd5 Bd6
23.Rd3 Nb6 24.Ba2 Nc4 25.Bxc4 Qxc4 26.Rfd1 Bc7 27.Rxd8 Bxd8 28.Bxe5 Qxe4
29.h3 f6 30.Bg3 h5 31.Qb3+ Kh7 32.Qd5 Qxd5 33.Rxd5 g5 34.Rd7+ Kg6 35.Bc7 Re1+
36.Kh2 Bxc7+ 37.Rxc7 Kf5 38.Rc6 Re6 39.Rc3 Ke5 40.Kg3 Rd6  1/2-1/2

[Event "ch-CZE"]
[Site "Ostrava CZE"]
[Date "2010.05.05"]
[Round "5"]
[White "Rosko,L"]
[Black "Pertlova,S"]
[Result "1-0"]
[WhiteElo "2345"]
[BlackElo "2201"]

1.d4 Nf6 2.c4 e6 3.Nf3 b6 4.a3 Ba6 5.Qc2 Bb7 6.Nc3 c5 7.e4 cxd4 8.Nxd4 Bc5
9.Nb3 Nc6 10.Bd3 h6 11.Bf4 e5 12.Be3 d6 13.Nd5 Nd7 14.O-O Nf8 15.Nxc5 dxc5
16.f4 Ne6 17.f5 Ned4 18.Qd1 Qd7 19.b4 O-O-O 20.Rb1 cxb4 21.axb4 Kb8 22.Rf2 Ne7
23.Ra2 Bxd5 24.cxd5 Nb5 25.Bd2 Nc8 26.Rba1 Ncd6 27.Ra6 Nc8 28.Be3 Nbd6 29.R1a2 Qe7
30.Qa1 Rd7 31.Bxb6 axb6 32.Ra8+ Kc7 33.Rc2+ Kd8 34.Rcxc8+ Nxc8 35.Rxc8+ Kxc8
36.Qa8+ Kc7 37.Qa7+ Kc8 38.Ba6+ Rb7 39.Qa8+ Kd7 40.Qxb7+ Ke8 41.Bb5+  1-0

[Event "ch-Commonwealth"]
[Site "Delhi IND"]
[Date "2010.05.10"]
[Round "2"]
[White "Swapnil,SD"]
[Black "Kaushik,S"]
[Result "1-0"]
[WhiteElo "2457"]
[BlackElo "2144"]

1.d4 Nf6 2.c4 e6 3.Nf3 b6 4.a3 Bb7 5.Nc3 d5 6.Bg5 Be7 7.Qa4+ Nbd7 8.Ne5 O-O
9.Nc6 Qe8 10.Nxe7+ Qxe7 11.cxd5 exd5 12.e3 a6 13.Be2 Qe6 14.O-O h6 15.Bh4 Rfe8
16.Rfd1 g5 17.Bg3 c5 18.Qc2 c4 19.a4 Bc6 20.b3 b5 21.axb5 axb5 22.bxc4 bxc4
23.h3 Qe7 24.Rdb1 Ra3 25.Rxa3 Qxa3 26.Bf3 Kg7 27.Qd2 Kg6 28.Bd1 Ne4 29.Nxe4 dxe4
30.d5 c3 31.Qd4 Qa2 32.dxc6 Qxb1 33.cxd7 Rd8 34.Kh2 Qb7 35.Ba4 c2 36.Bxc2 Qxd7
37.Bxe4+ f5 38.Qb6+ Kf7 39.Bxf5  1-0

[Event "ch-Commonwealth"]
[Site "Delhi IND"]
[Date "2010.05.13"]
[Round "6"]
[White "Swapnil,SD"]
[Black "Gomes,Mary"]
[Result "1-0"]
[WhiteElo "2457"]
[BlackElo "2280"]

1.d4 Nf6 2.c4 e6 3.Nf3 b6 4.a3 Bb7 5.Nc3 d5 6.Bg5 Be7 7.Qa4+ Qd7 8.Qc2 O-O
9.e3 h6 10.Bh4 Qd8 11.Be2 Nbd7 12.O-O a6 13.Rfd1 dxc4 14.Bxc4 Bxf3 15.gxf3 Nh5
16.Bg3 Nxg3 17.hxg3 Qc8 18.f4 b5 19.Be2 Nf6 20.Bf3 Ra7 21.Bc6 Qb8 22.Ne2 Qb6
23.Rac1 a5 24.e4 Rd8 25.e5 Nd5 26.f5 exf5 27.Qxf5 Bg5 28.e6 Ne7 29.Qxf7+ Kh8
30.d5 Qb8 31.Rc2 Ra6 32.Nd4 Bf6 33.Bxb5 Rad6 34.Nc6 Qxb5 35.Nxe7 Bxe7 36.Qxe7 Re8
37.Qf7 Rexe6 38.Rxc7 Qxb2 39.Qxe6 Rxe6 40.dxe6 Qe5 41.e7 Kh7 42.Rd8 Qe1+
43.Kg2 Qe4+ 44.Kh2  1-0

[Event "XV MIC"]
[Site "Split CRO"]
[Date "2010.05.13"]
[Round "7"]
[White "Drazic,S"]
[Black "Sax,G"]
[Result "1/2-1/2"]
[WhiteElo "2538"]
[BlackElo "2524"]

1.d4 Nf6 2.c4 e6 3.Nf3 b6 4.a3 Bb7 5.Nc3 d5 6.Bg5 Be7 7.Qa4+ c6 8.Bxf6 Bxf6
9.cxd5 exd5 10.g3 O-O 11.Bg2 c5 12.Rd1 Qe7 13.O-O Rd8 14.Rfe1 Nc6 15.dxc5 Bxc3
16.bxc3 Qxc5 17.Rd3 Qa5 18.Qxa5 Nxa5 19.Ne5 Rac8 20.f4 f6 21.Ng4 Nc4 22.Ne3 Nxe3
23.Rxe3 Kf8 24.Rd3 Ba6 25.Rd4 Bb5 26.a4 Be8 27.Rc1 Rc4 28.Rxd5 Rxd5 29.Bxd5 Rxa4
30.Kf2 Bf7 31.c4 Ra5 32.e4 Ke7 33.Ke3 f5 34.Bxf7 Kxf7 35.exf5 Rxf5 36.Ra1 a5
37.Rb1 Rf6 38.Kd4 Rd6+ 39.Ke5 Ke7 40.f5 Rc6 41.Kd4 Kf6 42.Kd5 Rc5+ 43.Kd4 Rc6  1/2-1/2

[Event "Campomanes Mem WIM"]
[Site "Ankara TUR"]
[Date "2010.05.17"]
[Round "1"]
[White "Soylemez,C"]
[Black "Tsatsalashvili,K"]
[Result "0-1"]
[WhiteElo "1935"]
[BlackElo "2257"]

1.d4 Nf6 2.c4 e6 3.Nf3 b6 4.a3 Ba6 5.e3 Be7 6.Bd3 d5 7.Nbd2 O-O 8.O-O Nbd7
9.b4 dxc4 10.Nxc4 c5 11.bxc5 bxc5 12.Nfe5 Bb7 13.Bb2 cxd4 14.exd4 Nb6 15.Ne3 Nbd5
16.Nxd5 Qxd5 17.f3 Rfc8 18.Qe2 Qd8 19.Rfe1 Bd5 20.Rac1 Rxc1 21.Rxc1 Rc8 22.Bc4 Qb6
23.Rc2 Bxc4 24.Rxc4 Rxc4 25.Nxc4 Qc7 26.Ne3 Bd6 27.g3 h5 28.Qd2 Qb7 29.Nc4 Bc7
30.Ne5 Qb6 31.Kg2 Nd5 32.Nc4 Qb3 33.Ne5 Ne3+ 34.Kh3 Bxe5 35.dxe5 Nd1 36.Bd4 Qxf3
37.Bxa7 Nc3 38.Qf4 Qd1 39.Qd4 Qf1+ 40.Kh4 Nd5 41.Kxh5 Qf5+ 42.Kh4 Qh7+ 43.Kg4 Qxh2
44.Qa4 g6 45.Bc5 Qh5+  0-1

[Event "Chladek & Tintera Open"]
[Site "Hradec Kralove CZE"]
[Date "2010.05.21"]
[Round "8"]
[White "Rosko,L"]
[Black "Plischki,S"]
[Result "1/2-1/2"]
[WhiteElo "2345"]
[BlackElo "2381"]

1.d4 Nf6 2.c4 e6 3.Nf3 b6 4.a3 Bb7 5.Nc3 g6 6.d5 exd5 7.cxd5 Bg7 8.g3 O-O
9.Bg2 c5 10.O-O d6 11.Re1 Nbd7 12.Bf4 Qb8 13.h3 a6 14.a4 Re8 15.e4 b5 16.Qc2 b4
17.Nb1 Nh5 18.Be3 b3 19.Qxb3 Rxe4 20.Nc3 Rb4 21.Qc2 a5 22.Rad1 Ba6 23.Bc1 Ne5
24.Nxe5 Bxe5 25.Rxe5 dxe5 26.d6 Rd4 27.Bxa8 Qxa8 28.Be3 Qc8 29.Bxd4 cxd4
30.Qe4 Nf6 31.Qxe5 dxc3 32.Qxf6 c2 33.Rc1 Bb7 34.g4 Qc6 35.f3 Qxa4 36.Kg2 Qc6
37.Kg3 h6 38.h4 Ba6 39.h5 gxh5 40.g5 hxg5 41.Qxg5+ Kf8 42.Qd8+ Kg7 43.Qg5+ Kf8
44.Qh6+ Kg8 45.Qg5+ Kf8  1/2-1/2

[Event "2nd Kahraman Olgac Mem"]
[Site "Instanbul TUR"]
[Date "2010.05.25"]
[Round "4"]
[White "Esen,B"]
[Black "Tsatsalashvili,K"]
[Result "1-0"]
[WhiteElo "2521"]
[BlackElo "2257"]

1.d4 Nf6 2.c4 e6 3.Nf3 b6 4.a3 Bb7 5.Nc3 d5 6.cxd5 Nxd5 7.Bd2 Nf6 8.Bg5 Be7
9.Qc2 c5 10.dxc5 Bxc5 11.e3 Nbd7 12.Be2 O-O 13.O-O Be7 14.Rfd1 Nd5 15.Nxd5 Bxg5
16.Nc3 Qe7 17.Rxd7 Qxd7 18.Nxg5 g6 19.Bf3 Bxf3 20.Nxf3 Rac8 21.h4 Rfd8 22.Qe4 Qd3
23.Qxd3 Rxd3 24.Kf1 f6 25.g4 Rd7 26.g5 Kg7 27.gxf6+ Kxf6 28.Ke2 a6 29.Rg1 Rc4
30.h5 gxh5 31.Rh1 h4 32.e4 b5 33.Rxh4 Rb7 34.Rh6+ Kg7 35.Rxe6 b4 36.axb4 Rbxb4
37.Kd3 Rc7 38.Nd4 Rxb2 39.Rxa6 Rd7 40.f4 h5 41.Nd5 h4 42.Nf5+  1-0

[Event "XXIX Open A"]
[Site "Zalakaros HUN"]
[Date "2010.05.26"]
[Round "1"]
[White "Kozak,Mi"]
[Black "Meszaros,T"]
[Result "1/2-1/2"]
[WhiteElo "2184"]
[BlackElo "2434"]

1.d4 Nf6 2.c4 e6 3.Nf3 b6 4.a3 Ba6 5.Qc2 c5 6.d5 exd5 7.cxd5 g6 8.Nc3 Bg7
9.Bf4 d6 10.Qa4+ Qd7 11.Bxd6 Qxa4 12.Nxa4 Nxd5 13.O-O-O Ne7 14.e4 Bxf1 15.Rhxf1 Nbc6
16.Nc3 O-O-O 17.Bxe7 Rxd1+ 18.Rxd1 Bxc3 19.Bxc5 Bxb2+ 20.Kxb2 bxc5 21.Rc1 Kb7
22.Rxc5 Re8 23.e5 Rd8 24.Kc2 Nd4+ 25.Nxd4 Rxd4 26.Rc3 Rd7 27.f4 h6 28.Rd3 Re7
29.Rd6 Kc8 30.g3 h5 31.Kd3 Rb7 32.Ke4 Rb2 33.h3 Re2+ 34.Kf3 Ra2 35.Rd3 Ra1
36.Ke4 Re1+ 37.Kd5 Kd7 38.Kc5+ Kc7 39.Kb4 h4 40.Rc3+  1/2-1/2

[Event "XXIX Open A"]
[Site "Zalakaros HUN"]
[Date "2010.05.27"]
[Round "2"]
[White "Kaczur,F"]
[Black "Takacs,B"]
[Result "1/2-1/2"]
[WhiteElo "1948"]
[BlackElo "2346"]

1.d4 Nf6 2.c4 e6 3.Nf3 b6 4.a3 Bb7 5.Nc3 d6 6.d5 e5 7.e4 Nbd7 8.Be2 a5 9.Qc2 g6
10.O-O Bg7 11.Ne1 O-O 12.Be3 Qe7 13.Nd3 Ba6 14.b3 a4 15.Nxa4 Nxe4 16.Nb4 Nec5
17.Nc6 Qe8 18.Nc3 Nb8 19.b4 Nxc6 20.dxc6 Ne6 21.Nd5 Kh8 22.b5 Bc8 23.a4 f5
24.f3 Rf7 25.Ra2 f4 26.Bf2 Nd4 27.Bxd4 exd4 28.Bd3 Be6 29.Re1  1/2-1/2

[Event "XXIX Open A"]
[Site "Zalakaros HUN"]
[Date "2010.06.01"]
[Round "7"]
[White "Csiszar,C"]
[Black "Vukovic,Ivo"]
[Result "1/2-1/2"]
[WhiteElo "2417"]
[BlackElo "2229"]

1.d4 Nf6 2.c4 e6 3.Nf3 b6 4.a3 Be7 5.Nc3 Bb7 6.d5 exd5 7.cxd5 O-O 8.e4 d6
9.Bd3 c5 10.dxc6 Nxc6 11.O-O Ne5 12.Bc2 Rc8 13.Re1 a6 14.Nd4 g6 15.a4 Re8
16.f4 Nc4 17.h3 Bf8 18.Qf3 Qc7 19.Kh1 Bg7 20.Nde2 Rcd8 21.Rd1 Rd7 22.Rb1 Rde7
23.Ng3 Rc8 24.Bd3 h5 25.b3 Na5 26.Bd2 Nc6 27.Rbc1 Qd8 28.Re1 Nd4 29.Qd1 h4
30.Nf1 Qe8 31.Be3 Nh5 32.Bc4 b5 33.axb5 axb5 34.Bxd4 bxc4 35.Bxg7 Nxg7 36.Ne3 cxb3
37.Ned5 Bxd5 38.Nxd5 Rxc1 39.Nxe7+ Qxe7 40.Qxc1 Nh5 41.e5 dxe5 42.Rxe5 Qa7
43.Rxh5 gxh5 44.Qc8+ Kg7 45.Qc3+ Kg6 46.Qxb3 Qf2 47.Qd3+ Kg7 48.Qe4 Kg8 49.Qe8+ Kg7
50.Qe5+ Kg8 51.Qg5+ Kf8 52.f5 Qe1+ 53.Kh2 Qe5+ 54.Kh1 Qe1+  1/2-1/2

[Event "XXIX Open A"]
[Site "Zalakaros HUN"]
[Date "2010.06.03"]
[Round "9"]
[White "Kozak,Mi"]
[Black "Rigo,Ja"]
[Result "1-0"]
[WhiteElo "2184"]
[BlackElo "2340"]

1.d4 Nf6 2.c4 e6 3.Nf3 b6 4.a3 Ne4 5.Nbd2 Bb7 6.Nxe4 Bxe4 7.e3 Be7 8.Bd3 f5
9.Bxe4 fxe4 10.Nd2 d5 11.Qg4 Kf7 12.O-O h5 13.Qh3 Bg5 14.f3 Bxe3+ 15.Kh1 Bxd4
16.fxe4+ Ke7 17.exd5 Qg8 18.Nf3 Bf6 19.Bg5 Nd7 20.Rae1 Nf8 21.Qf5 Qh7 22.Qe5 Rc8
23.Nd4 Qg6 24.Nc6+ Kd7 25.dxe6+ Ke8 26.Bxf6 gxf6 27.Rxf6 Qg7 28.Rf7  1-0

[Event "9th TCh-BIH Premier"]
[Site "Bihac BIH"]
[Date "2010.06.05"]
[Round "1"]
[White "Kovacevic,A"]
[Black "Pikula,D"]
[Result "1/2-1/2"]
[WhiteElo "2573"]
[BlackElo "2535"]

1.d4 Nf6 2.Nf3 e6 3.c4 b6 4.a3 Ba6 5.Nbd2 d5 6.e3 Be7 7.Qa4+ c6 8.cxd5 Bxf1
9.Nxf1 exd5 10.Ng3 O-O 11.O-O g6 12.Bd2  1/2-1/2

[Event "14th Master Open"]
[Site "Voronezh RUS"]
[Date "2010.06.16"]
[Round "5"]
[White "Ozolin,M"]
[Black "Dogodkina,J"]
[Result "1-0"]
[WhiteElo "2398"]
[BlackElo "2066"]

1.d4 Nf6 2.c4 e6 3.Nf3 b6 4.a3 Ba6 5.Qc2 d5 6.cxd5 exd5 7.Nc3 Be7 8.g3 O-O
9.Bg2 c5 10.O-O Nc6 11.Rd1 Na5 12.dxc5 bxc5 13.Nxd5 Nxd5 14.Ng5 Bxg5 15.Rxd5 Bf6
16.Rxd8 Raxd8 17.Bf4 Rd4 18.Rd1 Rc4 19.Qb1 Bb7 20.Bxb7 Nxb7 21.Rd7 Na5 22.Qd3 Bxb2
23.Bd2 Ra4 24.Bxa5 Rxa5 25.Rd8 Bd4 26.Rxf8+ Kxf8 27.e3 Bf6 28.Qd6+ Ke8 29.Qc6+ Kd8
30.a4 h6 31.Kg2 Bc3 32.Qd5+ Ke7 33.Qc6 g6 34.f4 f6 35.Kf3 Bb4 36.g4 Bc3 37.Ke4 Bb4
38.Qc7+ Kf8 39.Kd5 c4+ 40.Kxc4 Be1 41.Qd8+ Kg7 42.Qd7+ Kf8 43.Qd8+  1-0

[Event "4th Open"]
[Site "Varna BUL"]
[Date "2010.06.18"]
[Round "7"]
[White "Subbotsky,M"]
[Black "Kazimova,N"]
[Result "0-1"]
[WhiteElo "1954"]
[BlackElo "2227"]

1.d4 Nf6 2.c4 e6 3.Nf3 b6 4.a3 Bb7 5.Nc3 d5 6.cxd5 Nxd5 7.Qc2 Nd7 8.e4 Nxc3
9.bxc3 Be7 10.Bd3 c5 11.O-O Rc8 12.Qe2 O-O 13.e5 Nb8 14.Rd1 cxd4 15.cxd4 Qd5
16.Bd2 f5 17.Bb4 Qd7 18.Bc4 Bxb4 19.axb4 a6 20.Ng5 Bd5 21.Bxd5 Qxd5 22.f4 Rc4
23.Qb2 Rfc8 24.Rac1 h6 25.Nf3 Qe4 26.Rxc4 Rxc4 27.Qb3 b5 28.Nd2 Qxd4+ 29.Kh1 Rc6
30.Nf3 Qb6 31.Nd4 Rc4 32.Qb2 Kh7 33.h3 Nd7 34.Nf3 Nf8 35.Rd6 Qe3 36.Rxa6 Rc1+
37.Kh2 Qxf4+ 38.g3 Qc4 39.Nd4 Qf1 40.Qg2 Qd1 41.Rd6 Qa4 42.Rc6 Rd1 43.Nc2 Qa2
44.Rd6 Rb1 45.g4 Qc4 46.Rd4 Qc7 47.Qe2 Rb2 48.Rd2 Ng6 49.gxf5 exf5 50.Nd4 Rxd2
51.Qxd2 Qxe5+ 52.Kg1 Nf4 53.h4 Qxd4+  0-1

[Event "IsBank TCh-TUR"]
[Site "Konya TUR"]
[Date "2010.07.01"]
[Round "4"]
[White "Bayram,Y"]
[Black "Ari,Z"]
[Result "1-0"]
[WhiteElo "2288"]
[BlackElo "2184"]

1.d4 Nf6 2.c4 e6 3.Nf3 b6 4.a3 Bb7 5.Nc3 d5 6.cxd5 Nxd5 7.e3 g6 8.Bb5+ c6
9.Be2 Bg7 10.O-O O-O 11.Nxd5 exd5 12.Bd2 Nd7 13.Bb4 Re8 14.Bd6 a6 15.Rc1 h6
16.a4 Re6 17.Bg3 Qe7 18.a5 b5 19.Nd2 Bf8 20.Nb3 Qb4 21.h4 h5 22.Bf4 Rae8
23.Bf3 Bd6 24.Bxd6 Qxd6 25.g3 Qb4 26.Bg2 Kg7 27.Qd3 R8e7 28.Bh3 f5 29.Qc3 Qxc3
30.Rxc3 Kf7 31.Nc1 Nf6 32.Nd3 Ne4 33.Rc2 Ke8 34.Bg2 Rd6 35.Bxe4 fxe4 36.Ne5 Ree6
37.f3 exf3 38.Rxf3 Rf6 39.Rf4 Ke7 40.Kf2 Rde6 41.Ke1 Kd6 42.Rcf2 Ke7 43.Kd2 Rxf4
44.gxf4 Bc8 45.Rg2 Kd6 46.Kc3 Rf6 47.Rxg6 Rxg6 48.Nxg6 Bg4 49.Ne5 Bf5 50.b4 Bh3
51.Kd3 Bf5+ 52.Ke2 Be4 53.Nd3 Bf5 54.Nc5 Bc8 55.f5 Bxf5 56.Nxa6 Bg4+ 57.Kf2 Bd1
58.Kg3 Bg4 59.Kf4 Bc8 60.Nc5 Kc7 61.Ke5 Bg4 62.Nd3 Be2 63.Nf4 Bg4 64.Ne6+ Kb7
65.Kd6  1-0